<?xml version="1.0" encoding="UTF-8"?>
<record
    xmlns:xsi="http://www.w3.org/2001/XMLSchema-instance"
    xsi:schemaLocation="http://www.loc.gov/MARC21/slim http://www.loc.gov/standards/marcxml/schema/MARC21slim.xsd"
    xmlns="http://www.loc.gov/MARC21/slim">

  <leader>04601nam a22007337a 4500</leader>
  <controlfield tag="001">42835</controlfield>
  <controlfield tag="003">gtgccic</controlfield>
  <controlfield tag="005">20250520104658.0</controlfield>
  <controlfield tag="007">ta</controlfield>
  <controlfield tag="008">250520b        sp ||||| |||| 00| 0 spa d</controlfield>
  <datafield tag="020" ind1=" " ind2=" ">
    <subfield code="a">8448117786 (Vol. I)</subfield>
  </datafield>
  <datafield tag="020" ind1=" " ind2=" ">
    <subfield code="a">8448117654 (Vol. II)</subfield>
  </datafield>
  <datafield tag="020" ind1=" " ind2=" ">
    <subfield code="a">8448117662 (Obra completa)</subfield>
  </datafield>
  <datafield tag="040" ind1=" " ind2=" ">
    <subfield code="a">gtgccic</subfield>
    <subfield code="b">spa</subfield>
    <subfield code="c">gtgccic</subfield>
    <subfield code="d">gtgccic</subfield>
    <subfield code="e">rda</subfield>
  </datafield>
  <datafield tag="082" ind1=" " ind2=" ">
    <subfield code="a">628.445 T252 v. I</subfield>
  </datafield>
  <datafield tag="082" ind1=" " ind2=" ">
    <subfield code="a">628.445 T252 v. II</subfield>
  </datafield>
  <datafield tag="100" ind1="1" ind2=" ">
    <subfield code="a">Tchobanoglous, George</subfield>
    <subfield code="c">Catedr&#xE1;tico de Ingenier&#xED;a Civil y ambiental. Universidad de California Davis</subfield>
    <subfield code="e">Autor</subfield>
  </datafield>
  <datafield tag="245" ind1=" " ind2=" ">
    <subfield code="a">Gesti&#xF3;n integral de residuos s&#xF3;lidos /</subfield>
    <subfield code="c">George Tchobanoglous.</subfield>
  </datafield>
  <datafield tag="250" ind1=" " ind2=" ">
    <subfield code="a">Traducido de la primera edici&#xF3;n en ingl&#xE9;s</subfield>
    <subfield code="b">Integrated solid waste management</subfield>
  </datafield>
  <datafield tag="264" ind1=" " ind2=" ">
    <subfield code="a">Espa&#xF1;a :</subfield>
    <subfield code="b">McGraw-Hill ;</subfield>
    <subfield code="c">1994.</subfield>
  </datafield>
  <datafield tag="300" ind1=" " ind2=" ">
    <subfield code="a">xxiii, 607 p. (vol. I) :</subfield>
    <subfield code="b">il.</subfield>
    <subfield code="c">25 cm</subfield>
  </datafield>
  <datafield tag="300" ind1=" " ind2=" ">
    <subfield code="a">xxiii, 1107 p. (vol. II) :</subfield>
    <subfield code="b">il.</subfield>
    <subfield code="c">25 cm</subfield>
  </datafield>
  <datafield tag="336" ind1=" " ind2=" ">
    <subfield code="2">rdacontenido</subfield>
    <subfield code="a">texto</subfield>
    <subfield code="b">txt</subfield>
  </datafield>
  <datafield tag="337" ind1=" " ind2=" ">
    <subfield code="2">rdamedio</subfield>
    <subfield code="a">sin mediaci&#xF3;n</subfield>
    <subfield code="b">n</subfield>
  </datafield>
  <datafield tag="338" ind1=" " ind2=" ">
    <subfield code="2">rdasoporte</subfield>
    <subfield code="a">volumen</subfield>
    <subfield code="b">nc</subfield>
  </datafield>
  <datafield tag="505" ind1=" " ind2=" ">
    <subfield code="t">PARTE I  Perspectivas</subfield>
  </datafield>
  <datafield tag="505" ind1=" " ind2=" ">
    <subfield code="t">1  EVOLUCI&#xD3;N DE LA GESTI&#xD3;N DE RESIDUOS S&#xD3;LIDOS</subfield>
  </datafield>
  <datafield tag="505" ind1=" " ind2=" ">
    <subfield code="t">2  TENDENCIAS E IMPACTOS LEGISLATIVOS</subfield>
  </datafield>
  <datafield tag="505" ind1=" " ind2=" ">
    <subfield code="t">PARTE II Or&#xED;genes, composici&#xF3;n y propiedades de los residuos s&#xF3;lidos</subfield>
  </datafield>
  <datafield tag="505" ind1=" " ind2=" ">
    <subfield code="t">3  OR&#xCD;GENES, TIPOS Y COMPOSICI&#xD3;N DE LOS RESIDUOS S&#xD3;LIDOS URBANOS</subfield>
  </datafield>
  <datafield tag="505" ind1=" " ind2=" ">
    <subfield code="t">4  PROPIEDADES F&#xCD;SICAS, QU&#xCD;MICAS Y BIOL&#xD3;GICAS DE LOS RESIDUOS S&#xD3;LIDOS URBANOS </subfield>
  </datafield>
  <datafield tag="505" ind1=" " ind2=" ">
    <subfield code="t">5  OR&#xCD;GENES, TIPOS Y PROPIEDADES DE LOS RESIDUOS PELIGROSOS ENCONTRADOS EN LOS RESIDUOS S&#xD3;LIDOS 
     URBANOS</subfield>
  </datafield>
  <datafield tag="505" ind1=" " ind2=" ">
    <subfield code="t">PARTE III  Principios de ingenier&#xED;a</subfield>
  </datafield>
  <datafield tag="505" ind1=" " ind2=" ">
    <subfield code="t">6  TASAS DE GENERACI&#xD3;N Y RECOLECCI&#xD3;N DE RESIDUOS S&#xD3;LIDOS</subfield>
  </datafield>
  <datafield tag="505" ind1=" " ind2=" ">
    <subfield code="t">7  MANIPULACI&#xD3;N Y SEPARACI&#xD3;N, ALMACENAMIENTO Y PROCESAMIENTO DE RESIDUOS EN ORIGEN</subfield>
  </datafield>
  <datafield tag="505" ind1=" " ind2=" ">
    <subfield code="t">8  RECOLECCI&#xD3;N DE RESIDUOS S&#xD3;LIDOS</subfield>
  </datafield>
  <datafield tag="505" ind1=" " ind2=" ">
    <subfield code="t">9  SEPARACI&#xD3;N Y PROCESAMIENTO Y TRANSFORMACI&#xD3;N DE RESIDUOS S&#xD3;LIDOS</subfield>
  </datafield>
  <datafield tag="505" ind1=" " ind2=" ">
    <subfield code="t">10 TRANSFERENCIA Y TRANSPORTE</subfield>
  </datafield>
  <datafield tag="505" ind1=" " ind2=" ">
    <subfield code="t">11 EVACUACI&#xD3;N DE RESIDUOS S&#xD3;LIDOS Y RECHAZOS</subfield>
  </datafield>
  <datafield tag="505" ind1=" " ind2=" ">
    <subfield code="t">VOLUMEN II</subfield>
  </datafield>
  <datafield tag="505" ind1=" " ind2=" ">
    <subfield code="t">PARTE IV Separaci&#xF3;n, transformaci&#xF3;n y reciclaje de materiales residuales</subfield>
  </datafield>
  <datafield tag="505" ind1=" " ind2=" ">
    <subfield code="t">12 TECNOLOG&#xCD;AS DE PROCESAMIENTO Y SEPARACI&#xD3;N DE MATERIALES</subfield>
  </datafield>
  <datafield tag="505" ind1=" " ind2=" ">
    <subfield code="t">13 TECNOLOG&#xCD;AS DE CONVERSI&#xD3;N T&#xC9;RMICA</subfield>
  </datafield>
  <datafield tag="505" ind1=" " ind2=" ">
    <subfield code="t">14 TECNOLOG&#xCD;AS DE CONVERSI&#xD3;N BIOL&#xD3;GICA Y QU&#xCD;MICA</subfield>
  </datafield>
  <datafield tag="505" ind1=" " ind2=" ">
    <subfield code="t">15 RECICLAJE DE MATERIALES ENCONTRADOS EN LOS RESIDUOS S&#xD3;LIDOS URBANOS</subfield>
  </datafield>
  <datafield tag="505" ind1=" " ind2=" ">
    <subfield code="t">PARTE V Clausura, restauraci&#xF3;n y rehabilitaci&#xF3;n de vertederos </subfield>
  </datafield>
  <datafield tag="505" ind1=" " ind2=" ">
    <subfield code="t">16 CLAUSURA DE VERTEDEROS</subfield>
  </datafield>
  <datafield tag="505" ind1=" " ind2=" ">
    <subfield code="t">17 SOLUCIONES PARA LUGARES DE EVACUACI&#xD3;N DE RESIDUOS FUERA DE SERVICIO</subfield>
  </datafield>
  <datafield tag="505" ind1=" " ind2=" ">
    <subfield code="t">18 CUMPLIENDO OBJETIVOS ESTATALES Y FEDERALES DE DESVIACI&#xD3;N</subfield>
  </datafield>
  <datafield tag="505" ind1=" " ind2=" ">
    <subfield code="t">19 IMPLANTACI&#xD3;N DE ALTERNATIVAS DE GESTI&#xD3;N DE RESIDUOS S&#xD3;LIDOS</subfield>
  </datafield>
  <datafield tag="505" ind1=" " ind2=" ">
    <subfield code="t">20 PLANIFICACI&#xD3;N, LOCALIZACI&#xD3;N Y PERMISOS DE INSTALACIONES DE GESTI&#xD3;N DE RESIDUOS</subfield>
  </datafield>
  <datafield tag="505" ind1=" " ind2=" ">
    <subfield code="t">Ap&#xE9;ndices</subfield>
  </datafield>
  <datafield tag="520" ind1=" " ind2=" ">
    <subfield code="a">Residuos s&#xF3;lidos son todos los residuos que surgen de las actividades humanas y animales, que normalmente son s&#xF3;lidos y que se desechan como in&#xFA;tiles o no queridos.  Los materiales de los residuos desechados a menudo son reutilizables y se pueden considerar como un recurso en otro marco. Gesti&#xF3;n Integrada de Residuos s&#xF3;lidos es el t&#xE9;rmino aplicado a todas las actividades asociadas con la gesti&#xF3;n de los residuos dentro de la sociedad.  La meta b&#xE1;sica de la Gesti&#xF3;n Integrada de Residuos S&#xF3;lidos es gestionar los residuos de la sociedad de una forma que sea compatible con las preocupaciones ambientales y la salud p&#xFA;blica, y con los deseos del p&#xFA;blico respecto a la reutilizaci&#xF3;n y el reciclaje de materiales residuales.</subfield>
  </datafield>
  <datafield tag="650" ind1=" " ind2=" ">
    <subfield code="a">ADMINISTRACI&#xD3;N DE DESPERDICIOS S&#xD3;LIDOS</subfield>
  </datafield>
  <datafield tag="650" ind1=" " ind2=" ">
    <subfield code="a">DESECHOS</subfield>
  </datafield>
  <datafield tag="650" ind1=" " ind2=" ">
    <subfield code="a">INGENIER&#xCD;A AMBIENTAL</subfield>
  </datafield>
  <datafield tag="700" ind1=" " ind2=" ">
    <subfield code="a">Hilary Theisen</subfield>
    <subfield code="d">Vicepresidente</subfield>
    <subfield code="e">Autor</subfield>
    <subfield code="q">Brown and Caldwell Consulting Engineers</subfield>
  </datafield>
  <datafield tag="700" ind1=" " ind2=" ">
    <subfield code="a">Samuel Vigil</subfield>
    <subfield code="d">Catedr&#xE1;tico de Ingenier&#xED;a Civil y Ambiental</subfield>
    <subfield code="e">Autor</subfield>
    <subfield code="q">Universidad Polit&#xE9;cnica del Estado de California, San Luis Obispo. California</subfield>
  </datafield>
  <datafield tag="700" ind1=" " ind2=" ">
    <subfield code="a">Juan Ignacio Tejero Monz&#xF3;n</subfield>
    <subfield code="d">Catedr&#xE1;tico de Ingeier&#xED;a Sanitaria y Ambiental</subfield>
    <subfield code="q">E.T.S. Ingenieros de Caminos (Universidad de Cantabria)</subfield>
  </datafield>
  <datafield tag="700" ind1=" " ind2=" ">
    <subfield code="a">Jos&#xE9; Luis Gil D&#xED;az</subfield>
    <subfield code="d">Catedr&#xE1;tico de la Escuela Universitaria de Ingenier&#xED;a Qu&#xED;mica</subfield>
    <subfield code="q">Dpto. de Qu&#xED;mica Universidad de Cantabria</subfield>
  </datafield>
  <datafield tag="700" ind1=" " ind2=" ">
    <subfield code="a">Marcel Szanto Narea</subfield>
    <subfield code="d">Acad&#xE9;mico de la Universidad Cat&#xF3;lica de Valpara&#xED;so (Chile)</subfield>
    <subfield code="e">Traducci&#xF3;n y revisi&#xF3;n t&#xE9;cnica</subfield>
    <subfield code="q">Profesor Visitante de la Univ. de Cantabria</subfield>
  </datafield>
  <datafield tag="942" ind1=" " ind2=" ">
    <subfield code="2">ddc</subfield>
    <subfield code="c">BK</subfield>
    <subfield code="n">0</subfield>
  </datafield>
  <datafield tag="945" ind1=" " ind2=" ">
    <subfield code="a">amlo</subfield>
  </datafield>
  <datafield tag="999" ind1=" " ind2=" ">
    <subfield code="c">595</subfield>
    <subfield code="d">595</subfield>
  </datafield>
  <datafield tag="952" ind1=" " ind2=" ">
    <subfield code="0">0</subfield>
    <subfield code="1">0</subfield>
    <subfield code="2">ddc</subfield>
    <subfield code="4">0</subfield>
    <subfield code="7">0</subfield>
    <subfield code="a">CICON</subfield>
    <subfield code="b">CICON</subfield>
    <subfield code="c">GEN</subfield>
    <subfield code="d">2025-05-20</subfield>
    <subfield code="e">compra</subfield>
    <subfield code="i">8.3.01.H.10000/95</subfield>
    <subfield code="l">0</subfield>
    <subfield code="o">628.445 T252 v. I, v.II</subfield>
    <subfield code="p">Cicon8.3.01.H.10000/</subfield>
    <subfield code="r">2025-05-20 10:39:09</subfield>
    <subfield code="t">1</subfield>
    <subfield code="w">2025-05-20</subfield>
    <subfield code="y">BK</subfield>
  </datafield>
</record>
